Statistics for Mystery Taylor Swift Song #11

Click here to take the quiz!

General Stats

  • This quiz has been taken 942 times
    (825 since last reset)
  • The average score is 75 of 138

Answer Stats

Song% Correct
I
97%
a
96%
(you
94%
You
94%
the
92%
me
90%
And
86%
it
84%
to
84%
so
83%
your
83%
be
81%
in
81%
on
81%
my
80%
are
79%
that
79%
we
79%
like
78%
Lover
78%
know
77%
(you're
77%
you're
77%
no
76%
I'm
75%
it's
74%
too
72%
who
72%
But
71%
can
71%
(can
71%
don't
71%
down
71%
down)
71%
When
71%
just
70%
need
70%
a.m.
69%
calm
69%
is
69%
at
67%
not
67%
then
67%
never
66%
oh
65%
7
64%
Say
64%
all
63%
loud
63%
loud)
63%
being
62%
Why
62%
mad?
61%
out
61%
somebody
60%
could
58%
stop?)
58%
stop
58%
Damn
57%
less
57%
step
55%
with
55%
okay?
54%
street
54%
Hey
53%
gown?
52%
that's
52%
shots
51%
taking
51%
there
51%
'Cause
50%
gay
49%
see
48%
GLAAD)
47%
GLAAD?
47%
I've
47%
knock
47%
made
47%
night
47%
shade
47%
try
47%
You Need to Calm Down
47%
Patrón
46%
Tweet
46%
anybody
45%
take
45%
would
45%
about
44%
'bout
44%
cop
43%
fun
43%
his
43%
our
43%
broke
42%
friends
42%
bones
41%
now
41%
self
40%
trying
40%
coming
39%
expression
39%
got
39%
lesson
39%
mess
39%
sign
39%
stones
39%
ain't
38%
dark
38%
hate
38%
snakes
38%
learned
37%
over
37%
parade
37%
else
36%
obsessin'
35%
rather
35%
stressin'
35%
girls
34%
Making
34%
people
34%
must've
33%
crowns
32%
internet
32%
killing
32%
several
32%
taken
32%
missile
31%
Sunshine
31%
seats
30%
ages
29%
Comparing
29%
scream
29%
peace
28%
gowns?
27%
restore
27%
figured
26%
control
25%
urges
24%

Score Distribution

Percentile by Number Answered

Percent of People with Each Score

Your Score History

You have not taken this quiz since the last reset